000 00728nam a2200253Ia 4500
003 OSt
005 20220918163429.0
006 a|||||r|||| 00| 0
007 ta
008 220917b |||||||| |||| 00| 0 eng d
020 _a0 7453 2045 7 (pbk)
024 _a240,376
037 _cTextual
040 _aARTS
_cARTS
_beng
041 _2eng
_aeng
082 _aO111973:g, P3
100 _aMadsen Deborah L. Ed.
_913103
245 0 _aBeyond the borders
_b American literature and post - colonial theory
260 _aLondon
_bPluto Press UK
_c2003
300 _avi, 259p.
_ccm.
650 _aENGLISH LITERATURE
942 _hO111973:g, P3
_cTEXL
_2CC
999 _c119555
_d119555